000 00376nam a22001697a 4500
003 UA-OsUOA
001 5811
007 ta
008 20050721b un ||||| |||| 00| 0 ukr d
100 _aAllington
700 _aRichard L.
942 _cBK
040 _aUA-OsUOA
_cUA-OsUOA
_dUA-OsUOA
245 _aWheels and Rockets. T/B. Indep. Pract. Book.
955 _a2
650 7 _2UDC
999 _c291973
_d291973